| 000 | 00897cam a2200241 4500 | ||
|---|---|---|---|
| 001 | WS121830 | ||
| 008 | 030331n 000 0 eng u | ||
| 035 | _a(Sirsi) u121830 | ||
| 245 | _aAmerica Real Estate Directory | ||
| 520 | _aWeb site for this portal which is designed to be a one-stop destination for anything related to American real estate. Includes sections on appraisals, auctions, housing, commercial property and property management. | ||
| 650 | _aINTERNATIONAL | ||
| 650 | _aUNITED STATES | ||
| 650 | _aAGENTS | ||
| 650 |
_aAuctioneering _96218 |
||
| 650 | _aPROPERTY-COMMERCIAL PROPERTY | ||
| 650 | _aHOUSING | ||
| 650 | _aFINANCE | ||
| 650 | _aLAW | ||
| 650 |
_aProperty management _96262 |
||
| 650 | _aBUILT ENVIRONMENT | ||
| 856 | 4 | 0 |
_uhttps://www.americarealestatedirectory.com/ _zView the website free of charge at www.americarealestatediredtory.com/... |
| 942 | _n0 | ||
| 999 |
_c120249 _d120249 |
||